Подробности
| 000 -МАРКЕР |
| контрольное поле |
02209nam2a22004091 4500 |
| 001 - ИДЕНТИФИКАТОР ЗАПИСИ |
| контрольное поле |
v19\rc\1344685 |
| 005 - ИДЕНТИФИКАТОР ВЕРСИИ |
| контрольное поле |
20260407064713.0 |
| 035 ## - ДРУГИЕ СИСТЕМНЫЕ НОМЕРА |
| Идентификатор записи |
(NLR Aleph) 005203923 |
| 100 ## - ДАННЫЕ ОБЩЕЙ ОБРАБОТКИ |
| Данные общей обработки |
20060512d1865 |||y0rusy50 ca |
| 101 1# - ЯЗЫК РЕСУРСА |
| Язык текста, звукозаписи и т.д. |
русский |
| Язык оригинала |
английский |
| 102 ## - СТРАНА ПУБЛИКАЦИИ ИЛИ ПРОИЗВОДСТВА |
| Страна публикации |
Российская Федерация |
| 105 ## - ПОЛЕ КОДИРОВАННЫХ ДАННЫХ: ТЕКСТОВЫЕ МАТЕРИАЛЫ, МОНОГРАФИЧЕСКИЕ |
| Кодированные данные о монографическом текстовом документе |
y z ||||b |
| 200 1# - ЗАГЛАВИЕ И СВЕДЕНИЯ ОБ ОТВЕТСТВЕННОСТИ |
| Основное заглавие |
Критические и исторические опыты |
| -- |
Критические и биографические опыты |
| Наименование части |
[Фридрих Великий |
| -- |
Закон о народонаселении Садлера: (Продолжение) |
| -- |
Утилитаризм: (Ст. 1-3) |
| -- |
Джон Бониан |
| -- |
Виллиам Питт |
| -- |
Оливер Гольдсмит |
| -- |
Самюэль Джонсон |
| -- |
Бертран Барер] |
| 210 ## - ПУБЛИКАЦИЯ, РАСПРОСТРАНЕНИЕ И ДР. |
| Место издания, распространения и т.д. |
Санкт-Петербург |
| Имя издателя, распространителя и т. д. |
М.О. Вольф |
| Дата издания, распространения и т.д. |
1865 |
| 215 ## - ФИЗИЧЕСКАЯ ХАРАКТЕРИСТИКА |
| Специфическое обозначение материала и объем |
[4], 471 с. |
| 461 #0 - УРОВЕНЬ НАБОРА |
| Встроенное поле |
001v19\rc\1344671 |
| -- |
2001#$aПолное собрание сочинений$fМаколей$vТ. 14 |
| Системный номер (АБИС) связанной записи |
5338382 |
| Автор |
Маколей, Т. Б. (1800-1859) |
| Место публикации |
Санкт-Петербург |
| Дата публикации |
1860-1866 |
| Первые сведения об ответственности |
Маколей |
| Имя издателя, распространителя и т.д. |
Н. Тиблен |
| Физическая характеристика |
16 т. |
| Заглавие |
Полное собрание сочинений |
| Номер тома |
Т. 14 |
| 702 #1 - ИМЯ ЛИЦА - ВТОРИЧНАЯ ОТВЕТСТВЕННОСТЬ |
| Начальный элемент ввода |
Садлер |
| Часть имени, кроме начального элемента ввода |
М.Т. |
| Даты |
1780-1835 |
| Расширение инициалов личного имени |
Михаил Томас |
| Код отношения |
Прочие |
| 702 #1 - ИМЯ ЛИЦА - ВТОРИЧНАЯ ОТВЕТСТВЕННОСТЬ |
| Код отношения |
Прочие |
| Материалы, к которым относится поле |
rus |
| Графика поля |
Кириллица |
| Начальный элемент ввода |
Беньян |
| Часть имени, кроме начального элемента ввода |
Д. |
| Даты |
1628-1688 |
| Расширение инициалов личного имени |
Джон |
| Идентификатор авторитетной/нормативной записи |
RU\NLR\AUTH\77102425 |
| Системный номер авторитетной/нормативной записи |
85351 |
| 702 #1 - ИМЯ ЛИЦА - ВТОРИЧНАЯ ОТВЕТСТВЕННОСТЬ |
| Системный номер авторитетной/нормативной записи |
z05790 |
| Начальный элемент ввода |
Питт |
| Часть имени, кроме начального элемента ввода |
В. |
| Даты |
1759-1806 |
| Расширение инициалов личного имени |
Вильям |
| Код отношения |
Прочие |
| 702 #1 - ИМЯ ЛИЦА - ВТОРИЧНАЯ ОТВЕТСТВЕННОСТЬ |
| Начальный элемент ввода |
Гольдсмит |
| Часть имени, кроме начального элемента ввода |
О. |
| Даты |
1728-1774 |
| Расширение инициалов личного имени |
Оливер |
| Код отношения |
Прочие |
| 702 #1 - ИМЯ ЛИЦА - ВТОРИЧНАЯ ОТВЕТСТВЕННОСТЬ |
| Начальный элемент ввода |
Барер |
| Часть имени, кроме начального элемента ввода |
Б. |
| Даты |
1755-1841 |
| Расширение инициалов личного имени |
Бертран |
| Код отношения |
Прочие |
| 702 #0 - ИМЯ ЛИЦА - ВТОРИЧНАЯ ОТВЕТСТВЕННОСТЬ |
| Код отношения |
Прочие |
| Материалы, к которым относится поле |
rus |
| Графика поля |
Кириллица |
| Начальный элемент ввода |
Фридрих |
| Дополнения к именам, кроме дат |
король прусский |
| Римские цифры |
II Великий |
| Даты |
1712-1786 |
| Идентификатор авторитетной/нормативной записи |
RU\NLR\AUTH\7715139 |
| Системный номер авторитетной/нормативной записи |
124799 |
| 702 #1 - ИМЯ ЛИЦА - ВТОРИЧНАЯ ОТВЕТСТВЕННОСТЬ |
| Код отношения |
Прочие |
| Материалы, к которым относится поле |
rus |
| Графика поля |
Кириллица |
| Начальный элемент ввода |
Джонсон |
| Часть имени, кроме начального элемента ввода |
С. |
| Даты |
1709-1784 |
| Расширение инициалов личного имени |
Сэмюэл |
| Идентификатор авторитетной/нормативной записи |
RU\NLR\AUTH\7751216 |
| Системный номер авторитетной/нормативной записи |
34150 |
| 790 #1 - ИМЯ ЛИЦА - АЛЬТЕРНАТИВНАЯ ФОРМА |
| Системный номер авторитетной/нормативной записи |
z05702 |
| Начальный элемент ввода |
Питт |
| Часть имени, кроме начального элемента ввода |
У. |
| Даты |
1759-1806 |
| Расширение инициалов личного имени |
Уильям |
| 801 #0 - ИСТОЧНИК ЗАПИСИ |
| Страна |
Российская Федерация |
| Организация |
NLR |
| Дата составления |
20060512 |
| Правила каталогизации |
psbo |
| 801 #0 - ИСТОЧНИК ЗАПИСИ |
| Страна |
Российская Федерация |
| Организация |
RuMoRGB |
| Дата составления |
20060512 |
| Источник данных |
psbo |
| 801 #1 - ИСТОЧНИК ЗАПИСИ |
| Страна |
Российская Федерация |
| Организация |
ProSoft-M |
| Дата составления |
20060512 |
| Источник данных |
rusmarc |
| 801 #2 - ИСТОЧНИК ЗАПИСИ |
| Страна |
Российская Федерация |
| Организация |
NLR |
| Дата составления |
20070730 |
| Источник данных |
rusmarc |
| 852 ## - МЕСТОНАХОЖДЕНИЕ И ШИФР ХРАНЕНИЯ |
| Идентификатор организации |
NLR |
| Наименование фонда или коллекции (Sub-Location Identifier) |
Мф |
| Шифр хранения (Call Number) |
К1/32215 |
| 852 ## - МЕСТОНАХОЖДЕНИЕ И ШИФР ХРАНЕНИЯ |
| Идентификатор организации |
NLR |
| Шифр хранения (Call Number) |
18.38.4.8(14) |
| 852 ## - МЕСТОНАХОЖДЕНИЕ И ШИФР ХРАНЕНИЯ |
| Идентификатор организации |
NLR |
| Шифр хранения (Call Number) |
130/2369(14) |
| 852 ## - МЕСТОНАХОЖДЕНИЕ И ШИФР ХРАНЕНИЯ |
| Идентификатор организации |
NLR |
| Наименование фонда или коллекции (Sub-Location Identifier) |
Мф |
| Шифр хранения (Call Number) |
К1/8728 |
| 942 ## - ДОПОЛНИТЕЛЬНЫЕ ЭЛЕМЕНТЫ ЗАПИСИ (АБИС) |
| Тип экземпляра АБИС |
Книга |
| 980 ## - КОЛЛЕКЦИЯ |
| Название коллекции |
Национальная библиография |
| 980 ## - КОЛЛЕКЦИЯ |
| Название коллекции |
Херсонская областная научная библиотека |